000 00371nam a2200109Ia 4500
008 171211s9999 xx 000 0 und d
245 _aLinked Lexical Knowledge Bases: Foundations and Applications
245 _cIryna Gurevych, Judith Eckle-Kohler, and Michael Matuschek
260 _c2016
650 _xSOFTWARE
856 _uhttp://down.ebook777.com/065/9781627059749.pdf
999 _c349283
_d349283